Principles of surveying (Record no. 5955)

000 -LEADER
fixed length control field 00477nam a2200193 i 4500
001 - CONTROL NUMBER
control field 5955
003 - CONTROL NUMBER IDENTIFIER
control field BD-DhUET
008 - FIXED-LENGTH DATA ELEMENTS--GENERAL INFORMATION
fixed length control field 770818s1978 vaua 001 0 eng
020 ## - INTERNATIONAL STANDARD BOOK NUMBER
International Standard Book Number 0879096209
040 ## - CATALOGING SOURCE
Original cataloging agency DLC
Transcribing agency DLC
Modifying agency BD-DhUET
082 00 - DEWEY DECIMAL CLASSIFICATION NUMBER
Classification number 526.9
Item number HEB/1978
100 ## - MAIN ENTRY--PERSONAL NAME
Personal name Herubin, Charles A.
245 10 - TITLE STATEMENT
Title Principles of surveying
250 ## - EDITION STATEMENT
Edition statement 2nd ed.
260 ## - PUBLICATION, DISTRIBUTION, ETC. (IMPRINT)
Place of publication, distribution, etc. Virginia
Name of publisher, distributor, etc. Reston Publishing
Date of publication, distribution, etc. 1978
300 ## - PHYSICAL DESCRIPTION
Extent x, 323 p.
Other physical details ill.
Dimensions 24 cm.
650 #0 - SUBJECT ADDED ENTRY--TOPICAL TERM
Topical term or geographic name as entry element Surveying
942 ## - ADDED ENTRY ELEMENTS (KOHA)
Koha item type General Book
Holdings
Koha normalized classification for sorting Not for loan Koha item type Koha date last borrowed Sublocation or collection (holding branch) Lost status Withdrawn status Koha issues (times borrowed) Source of classification or shelving scheme Piece designation (barcode) Copy number Price effective from Date acquired Location (home branch) Koha date last seen Damaged status Shelving location Koha full call number
526_900000000000000_HEB_1978 General Book2023-06-11Central Library, BUET  1 7178722014-11-292014-11-29Central Library, BUET2023-06-21 Circulation section526.9/HEB/1978
526_900000000000000_HEB_1978 General Book Central Library, BUET    7210132014-12-022014-12-02Central Library, BUET2017-01-29 Circulation section526.9/HEB/1978
526_900000000000000_HEB_1978 General Book Central Library, BUET    4801042015-03-072015-03-07Central Library, BUET2015-03-07 Circulation section526.9/HEB/1978
526_900000000000000_HEB_1978 General Book Central Library, BUET    4800952015-03-072015-03-07Central Library, BUET2015-03-07 Circulation section526.9/HEB/1978